|
|
|
|
| LEADER |
00657nam a2200181Ia 4500 |
| 001 |
115933 |
| 008 |
170722s9999 xx 000 0 und d |
| 020 |
|
|
|a 8124800014
|
| 100 |
|
|
|a James, Henry
|
| 245 |
|
|
|a Portrait of a lady /
|
| 260 |
|
|
|a New Delhi :
|b Peacock Books ,
|c 2004.
|
| 300 |
|
|
|a 545 p.
|c 18Cms
|
| 653 |
|
|
|a American Literature
|
| 653 |
|
|
|a Novel
|
| 942 |
|
|
|c GEN
|
| 999 |
|
|
|c 118590
|d 118590
|
| 952 |
|
|
|0 1
|1 0
|4 0
|6 O_1113M43P_P4
|7 0
|9 167707
|a LIB
|b LIB
|d 2017-08-12
|o O111,3M43,P P4
|p 232683
|r 2017-08-12
|v 85.00
|w 2017-08-12
|y GEN
|
| 952 |
|
|
|0 0
|1 0
|4 0
|6 O_1113M43P_P4
|7 0
|9 167708
|a LIB
|b LIB
|d 2013-03-25
|e D C Books
|o O111,3M43,P P4
|p 272314
|r 2017-08-12
|v 85.00
|w 2017-08-12
|y GEN
|